[Event "Milan Crespi op-C 35th"]
[Site "Milan"]
[Date "2014.12.05"]
[Round "2"]
[White "Virzi, Ettore"]
[Black "Dei Giudici, Paolo"]
[Result "1-0"]
[WhiteElo "1966"]
[BlackElo "1761"]
[PlyCount "43"]
[EventDate "2014.12.04"]
[EventType "swiss"]
[EventRounds "7"]
[EventCountry "ITA"]
[SourceTitle "EXT 2017"]
[Source "ChessBase"]
[SourceDate "2016.10.25"]
[SourceVersion "1"]
[SourceVersionDate "2016.10.25"]
[SourceQuality "1"]

1. e4 e5 2. Nf3 Nc6 3. Bb5 a6 4. Ba4 Nf6 5. 0-0 Be7 6. Re1 b5 7. Bb3 0-0 8. h3 d6 9. c3 Na5 10. Bc2 c5 11. d4 cxd4 12. cxd4 Qc7 13. Nbd2 Bd7 14. Nf1 Rfc8 15. Ne3 Nc4 16. Nxc4 bxc4 17. Bd2 exd4 18. Nxd4 Be8 19. Nf5 Bf8 20. Bc3 Nd7 21. Bxg7 Bxg7 22. Qg4 1-0

[Event "Ceriano Laghetto Inverno op"]
[Site "Ceriano Laghetto"]
[Date "2007.01.30"]
[Round "4"]
[White "Cervini, Gian Piero"]
[Black "Dei Giudici, Paolo"]
[Result "1/2-1/2"]
[WhiteElo "1792"]
[BlackElo "1685"]
[PlyCount "100"]
[EventDate "2007.01.09"]
[EventType "swiss"]
[EventRounds "6"]
[EventCountry "ITA"]
[SourceTitle "EXT 2008"]
[Source "ChessBase"]
[SourceDate "2007.11.25"]
[SourceVersion "1"]
[SourceVersionDate "2007.11.25"]
[SourceQuality "1"]

1. e4 e5 2. Nf3 Nc6 3. d4 exd4 4. Bc4 Bc5 5. 0-0 d6 6. Ng5 Ne5 7. Bb3 Bg4 8. Nxf7 Bxd1 9. Nxd8 Bxc2 10. Nxb7 Bxb3 11. axb3 Bb6 12. Na5 Nf6 13. Re1 0-0 14. Nc4 Bc5 15. Nxe5 dxe5 16. f4 exf4 17. Bxf4 Ng4 18. g3 Rab8 19. h3 Ne3 20. Rc1 Bb6 21. Nd2 Rb7 22. Nc4 Nxc4 23. bxc4 Bc5 24. Ra5 Bb4 25. Rd5 c5 26. Bd6 Rf3 27. Rf1 Rbf7 28. Rxf3 Rxf3 29. Rf5 Rxf5 30. exf5 h5 31. Kf2 Kf7 32. Be5 Ba5 33. Ke2 g6 34. fxg6+ Kxg6 35. Kd3 Kf5 36. Bxd4 cxd4 37. Kxd4 Bc7 38. g4+ hxg4 39. hxg4+ Kxg4 40. b4 a5 41. b5 a4 42. c5 a3 43. Kc3 Kf5 44. Kb3 a2 45. Kxa2 Ke6 46. Kb3 Kd5 47. Kb4 Bd8 48. c6 Bb6 49. Kb3 Kc5 50. Ka4 Bc7 1/2-1/2

[Event "Ceriano Laghetto Inverno op"]
[Site "Ceriano Laghetto"]
[Date "2007.01.09"]
[Round "1"]
[White "Carugati, Virginio"]
[Black "Dei Giudici, Paolo"]
[Result "0-1"]
[WhiteElo "1438"]
[BlackElo "1685"]
[PlyCount "32"]
[EventDate "2007.01.09"]
[EventType "swiss"]
[EventRounds "6"]
[EventCountry "ITA"]
[SourceTitle "EXT 2008"]
[Source "ChessBase"]
[SourceDate "2007.11.25"]
[SourceVersion "1"]
[SourceVersionDate "2007.11.25"]
[SourceQuality "1"]

1. Nf3 Nf6 2. d3 d5 3. Bg5 h6 4. Bf4 Bf5 5. Nbd2 Nc6 6. a3 e6 7. h3 Bc5 8. Nb3 Bb6 9. d4 Qe7 10. Ne5 0-0 11. e3 Ne4 12. h4 Nxe5 13. dxe5 f6 14. g4 fxe5 15. gxf5 exf4 16. Qg4 fxe3 0-1